000
00333nam a2200133Ia 4500
005
20251222144859.0
008
251222s9999||||xx |||||||||||||| ||spa||
020
_a
84-277-0241-8
082
_a
155.4/L42
100
_a
Leif, Joseph
245
0
_a
Textos de Psicología del Niño y del Adolescente
264
_b
Marcea
942
_c
LIB
999
_c
21891
_d
21891